| 000 | 00366cam a2200157ua 4500 | ||
|---|---|---|---|
| 041 |
_aeng _h |
||
| 100 | _aRoom, singh . | ||
| 245 | _apomegranate cultivation In India` | ||
| 260 |
_aNew Delhi : _bDirector of Extension , _c1998. |
||
| 300 | _a ; . | ||
| 504 | _a | ||
| 700 | 1 | _aDhana, N.S . | |
| 700 | 1 | _aSharma, R.R . | |
| 942 | _cBK | ||
| 999 |
_c13002 _d13002 |
||